Šesť rokov po: kto vyhral?

Bibliographic Details
Main Author: Kohout, Pavel, 1967- (Author)
Format: Article
Language:Slovak
Subjects:

MARC

LEADER 00000nab a2200000 a 4500
001 vtls009146677
003 SK-MaSNL
005 20260305020530.0
008 140515c2007 xo wr|p|||||||000 b|slo
015 |a SNBRB2007/10  |2 snkbucl 
040 |a SNKBUCL  |b slo  |c SNKBUCL  |e AACR2 
041 0 |a slo 
044 |a xo  |c SK 
080 |a 338.1  |x (73)  |2 2001 
080 |a 323.285  |2 2001 
100 1 |a Kohout, Pavel,  |d 1967-  |4 aut  |9 409631 
245 1 0 |a Šesť rokov po: kto vyhral?  |c Pavel Kohout 
300 |b Fotogr. 
650 0 7 |a ekonomika  |2 snkbucl  |9 789 
650 0 7 |a boj proti terorizmu  |2 snkbucl  |9 4297 
650 0 7 |a teroristické útoky (11. september 2001 : Spojené štáty americké)  |2 snkbucl  |9 68506 
651 7 |a Spojené štáty americké  |2 snkbucl  |9 18262 
655 7 |a analýzy  |2 snkbucl  |9 22242 
773 0 |t Týždeň  |g Roč. IV, č. 38 (2007), s. 36-39  |x 1336-5932 
852 |a SNK  |b KIS3GCP 
958 |a US 
999 |c 3281237  |d 3283167